000
00291nam a22001337a 4500
008
181025b xxu||||| |||| 00| 0 eng d
020
_a
9781592602551
041
_a
eng
080
_a
370
100
_a
45
101
_a
EDU
245
_a
Leadind With Integrity
_c
Kolp.A
942
_2
udc
_c
BK
999
_c
50889
_d
50889